[Event "Victoria-ch qual"]
[Site "Melbourne"]
[Date "2006.11.09"]
[Round "13"]
[White "Beckman, John"]
[Black "Chong, Trevor"]
[Result "1-0"]
[WhiteElo "1555"]
[BlackElo "1386"]
[PlyCount "133"]
[EventDate "2006.10.05"]
[EventType "tourn"]
[EventRounds "9"]
[EventCountry "AUS"]
[SourceTitle "EXT 2008"]
[Source "ChessBase"]
[SourceDate "2007.11.25"]
[SourceVersion "1"]
[SourceVersionDate "2007.11.25"]
[SourceQuality "1"]

1. e4 c5 2. f4 d5 3. exd5 Qxd5 4. Nc3 Qd8 5. Bc4 Nf6 6. Nf3 Nc6 7. 0-0 Bg4 8. d3 Nd4 9. Ne5 Be6 10. Bxe6 Nxe6 11. Be3 Nd4 12. Ne4 Nxe4 13. dxe4 e6 14. c3 Nc6 15. Qa4 Qb6 16. Rad1 Qa5 17. Qb3 Qb6 18. Qa4 Qa5 19. Qxa5 Nxa5 20. Nd7 Nc4 21. Bc1 Bd6 22. b3 Kxd7 23. e5 Ke7 24. bxc4 Bc7 25. Rd3 Rad8 26. Rg3 g6 27. Kf2 Rd7 28. Ke2 Rhd8 29. a4 a5 30. Be3 b6 31. Rh3 h5 32. Rhf3 Rh8 33. Bf2 Ke8 34. Bh4 Bd8 35. Be1 Bc7 36. Rh3 Kf8 37. Ke3 Kg7 38. Ke4 Rd1 39. Rd3 Rxd3 40. Kxd3 Rd8+ 41. Kc2 Rd7 42. Bh4 Bd8 43. Bxd8 Rxd8 44. Rb1 Rb8 45. Rd1 Rb7 46. Rd6 Kh7 47. h4 Kg7 48. Kd3 Kh7 49. Ke4 Kg7 50. Kf3 Kh7 51. g4 Kh6 52. Rc6 Kg7 53. gxh5 gxh5 54. Ke4 Kf8 55. f5 Ke7 56. Kf4 Kd7 57. Rd6+ Ke7 58. f6+ Ke8 59. Kg5 Rb8 60. Kxh5 Kf8 61. Kh6 Kg8 62. Rd7 Kf8 63. Ra7 Ke8 64. Re7+ Kf8 65. h5 Rd8 66. Rb7 Rd3 67. Rb8+ 1-0

[Event "Victoria-ch qual"]
[Site "Melbourne"]
[Date "2006.10.07"]
[Round "2"]
[White "Chong, Trevor"]
[Black "Bakanursky, Joshua"]
[Result "0-1"]
[WhiteElo "1386"]
[BlackElo "1653"]
[PlyCount "98"]
[EventDate "2006.10.05"]
[EventType "tourn"]
[EventRounds "9"]
[EventCountry "AUS"]
[SourceTitle "EXT 2008"]
[Source "ChessBase"]
[SourceDate "2007.11.25"]
[SourceVersion "1"]
[SourceVersionDate "2007.11.25"]
[SourceQuality "1"]

1. d4 d5 2. c4 e6 3. Nf3 Nf6 4. Nc3 b6 5. Bg5 Bb7 6. e3 Be7 7. Bd3 0-0 8. Qc2 dxc4 9. Bxc4 Nc6 10. 0-0 Nb4 11. Qe2 Nfd5 12. Bxe7 Qxe7 13. Rac1 Rfd8 14. a3 Nxc3 15. Rxc3 Nd5 16. Bxd5 Bxd5 17. Rfc1 Rac8 18. Ne5 Rd6 19. Qc2 f6 20. Nc6 Bxc6 21. Rxc6 e5 22. Qc4+ Kf8 23. Qa6 Rdd8 24. Qxa7 exd4 25. Rxc7 Rxc7 26. Qxc7 dxe3 27. Qxe7+ Kxe7 28. Re1 Rd2 29. Rxe3+ Kd6 30. Kf1 Rxb2 31. Re2 Rb3 32. Re3 Rb1+ 33. Re1 Rxe1+ 34. Kxe1 Kd5 35. Kd2 Kc4 36. Kc2 h5 37. h3 h4 38. g3 f5 39. gxh4 g6 40. f4 b5 41. h5 gxh5 42. h4 Kd4 43. Kb3 Ke4 44. Kb4 Kxf4 45. Kxb5 Kg4 46. a4 f4 47. a5 f3 48. a6 f2 49. a7 f1Q+ 0-1

[Event "Victoria-ch qual"]
[Site "Melbourne"]
[Date "2006.10.05"]
[Round "1"]
[White "Bearup, Paul"]
[Black "Chong, Trevor"]
[Result "1-0"]
[WhiteElo "1637"]
[BlackElo "1386"]
[PlyCount "83"]
[EventDate "2006.10.05"]
[EventType "tourn"]
[EventRounds "9"]
[EventCountry "AUS"]
[SourceTitle "EXT 2008"]
[Source "ChessBase"]
[SourceDate "2007.11.25"]
[SourceVersion "1"]
[SourceVersionDate "2007.11.25"]
[SourceQuality "1"]

1. e4 e5 2. Nf3 Nc6 3. d4 exd4 4. c3 d6 5. cxd4 Nf6 6. Nc3 Bg4 7. Be3 Be7 8. Be2 0-0 9. 0-0 Re8 10. Ng5 Bxe2 11. Qxe2 h6 12. Nh3 Qd7 13. f4 Ng4 14. d5 Nxe3 15. dxc6 Qxc6 16. Qxe3 Bf6 17. Rac1 d5 18. exd5 Qc4 19. Qf3 Bd4+ 20. Kh1 Re3 21. Qd1 Rae8 22. Ne2 Qxe2 23. Qxd4 Rd3 24. Qf2 Rd2 25. Rce1 Qd3 26. Rxe8+ Kh7 27. Qf3 Qc2 28. Qe4+ Qxe4 29. Rxe4 Rxb2 30. Rf2 Rb5 31. Rd2 Rc5 32. f5 b5 33. Rb4 a5 34. Rbb2 b4 35. Rbc2 Rb5 36. Rxc7 a4 37. Rc1 b3 38. axb3 Rxb3 39. Ra1 a3 40. d6 Rb2 41. Rxb2 axb2 42. Rb1 1-0